000
00277nam a2200109Ia 4500
008
230907s9999||||xx |||||||||||||| ||und||
082
_a
621.31
_b
SMA
245
0
_a
Smart grids :
260
_a
Taylor & Francis,
_b
Boca Raton, FL :
_c
2012
300
_a
xviii, 577 p. :
942
_c
BK
999
_c
597821
_d
597821